Les jeux vidéo Dragon Ball (sortis à l'international) - Statistiques

Statistiques générales
  • Ce quiz a été pris 28 fois
  • Le résultat moyen est 5 sur 40
Statistiques - réponses
Plateforme Jeu % Correct
PS2Gamecube Dragon Ball Z: Budokai
73%
PS2 Gamecube Dragon Ball Z: Budokai 2
67%
PS2 Dragon Ball Z: Budokai 3
67%
PS5Xbox Series Windows Dragon Ball: Sparking! Zero
53%
PS2 Dragon Ball Z: Budokai Tenkaichi
47%
PS4
Xbox One
Windows
Dragon Ball Z: Kakarot
40%
AndroidiOS Dragon Ball Legends
33%
Android iOS Dragon Ball Z: Dokkan Battle
33%
PS4Xbox One Windows Nintendo Switch Dragon Ball FighterZ
20%
PS3Xbox 360 Dragon Ball: Raging Blast 2
13%
Game Boy Advance Dragon Ball Z : L'Héritage de Goku
13%
Game Boy Advance Dragon Ball Z : L'Héritage de Goku 2
13%
PSP Dragon Ball Z: Shin Budokai
13%
Game Boy Advance Dragon Ball Z: Supersonic Warriors
13%
DS Dragon Ball Z: Supersonic Warriors 2
13%
Game Boy Advance Dragon Ball: Advanced Adventure
7%
Game Boy Advance Dragon Ball GT: Transformation
7%
Game Boy Advance Dragon Ball Z: Buu's Fury
7%
Xbox 360 Dragon Ball Z for Kinect
7%
PlaystationSega Saturn Dragon Ball Z: The Legend
7%
PSP Dragonball Evolution
0%
3DS Dragon Ball Fusions
0%
NES Dragon Ball : Le Secret du dragon
0%
DS Dragon Ball: Origins
0%
DS Dragon Ball: Origins
0%
DS Dragon Ball: Origins 2
0%
Switch PS4
Xbox One
Windows
Dragon Ball: The Breakers
0%
DS Dragon Ball Z: Attack of the Saiyans
0%
Mega Drive Dragon Ball Z: Buyū Retsuden
0%
3DS Dragon Ball Z: Extreme Butōden
0%
DS Dragon Ball Z: Harukanaru Densetsu
0%
PS2 Dragon Ball Z: Infinite World
0%
Game Boy Color Dragon Ball Z : Les Guerriers légendaires
0%
PS2 Gamecube Xbox Dragon Ball Z: Sagas
0%
PSP Dragon Ball Z: Shin Budokai - Another Road
0%
Super Nintendo Dragon Ball Z: Super Butōden
0%
Super Nintendo Dragon Ball Z: Super Butōden 2
0%
Super Nintendo Dragon Ball Z: Super Butōden 3
0%
Game Boy Advance Dragon Ball Z: Taiketsu
0%
PSP Dragon Ball Z: Tenkaichi Tag Team
0%
Aucun quiz correspondant
Distribution des résultats
% des personnes avec chaque résultat
Percentile par nombre de réponses
Votre historique - résultats
Vous n’avez pas pris ce quiz